SECUKUP RASA (Record no. 60049)

000 -LEADER
fixed length control field 00430nam a22001817a 4500
003 - CONTROL NUMBER IDENTIFIER
control field MPLRDC
005 - DATE AND TIME OF LATEST TRANSACTION
control field 20220104174825.0
008 - FIXED-LENGTH DATA ELEMENTS--GENERAL INFORMATION
fixed length control field 210129b ||||| |||| 00| 0 eng d
020 ## - INTERNATIONAL STANDARD BOOK NUMBER
International Standard Book Number 967-969-505-0
082 ## - DEWEY DECIMAL CLASSIFICATION NUMBER
Classification number 427.1 ARI
100 ## - MAIN ENTRY--PERSONAL NAME
Personal name NORA ARIFFIN
245 ## - TITLE STATEMENT
Title SECUKUP RASA
Statement of responsibility, etc.
250 ## - EDITION STATEMENT
Edition statement 1ST ED.
260 ## - PUBLICATION, DISTRIBUTION, ETC.
Place of publication, distribution, etc. MALAYSIA
Name of publisher, distributor, etc. BERITA PUBLISHING SDN BHD
Date of publication, distribution, etc. 2004
300 ## - PHYSICAL DESCRIPTION
Other physical details 129
650 ## - SUBJECT ADDED ENTRY--TOPICAL TERM
Topical term or geographic name entry element COOKERY
942 ## - ADDED ENTRY ELEMENTS (KOHA)
Koha item type Book
-- 427.1 ARI
Holdings
Withdrawn status Lost status Source of classification or shelving scheme Damaged status Not for loan Collection code Home library Current library Shelving location Date acquired Cost, normal purchase price Total Checkouts Full call number Barcode Date last seen Date last checked out Price effective from Koha item type Public note
            Malaysian Public Library, Research and Development Centre Malaysian Public Library, Research and Development Centre   10/12/2007 10.00   427.1 ARI M0000100 18/03/2021 19/04/2015 18/03/2021 Book mplrdc

© 2022. Malaysian Public Library, Research and Development Centre. All Right ReservedE-mailmplrdc@help.edu.my 

Powered by Koha